From Shakespeare to existentialism : studies in poetry, religion, and philosophy

Αποθηκεύτηκε σε:
Λεπτομέρειες βιβλιογραφικής εγγραφής
Κύριος συγγραφέας: Kaufmann, Walter Arnold
Μορφή: Βιβλίο
Γλώσσα:English
Δημοσίευση: Garden City, N.Y. : Anchor Books, 1960
Θέματα:
Ετικέτες: Προσθήκη ετικέτας
Δεν υπάρχουν, Καταχωρήστε ετικέτα πρώτοι!

MARC

LEADER 00000cam a2200000 i 4500
001 1/22595
008 120810s1960 eng d
035 |l 10113086 
040 |a GR-MY-UA  |b gre  |e aacr 
041 0 |a eng 
082 0 |a 190  |2 (22) 
100 1 |a Kaufmann, Walter Arnold. 
245 1 0 |a From Shakespeare to existentialism :  |b studies in poetry, religion, and philosophy /  |c by Walter Kaufmann 
260 |a Garden City, N.Y. :   |b Anchor Books,   |c 1960 
300 |a 404 σ.;  |c 21 εκ. 
500 |a Περιλαμβάνει βιβλιογραφία 
650 0 0 |a Philosophy, Modern. 
650 0 0 |a Religion in literature. 
852 |a INST  |b LESVOS  |e 20120810  |h 190 KAU  |p 005100052084  |q 005100052084  |t BK  |y 0 
901 |a BIBL1-2012-2 
909 |a Λ  |b 176184 
970 |a ΤΖΑΦΕΡΗ  |b ΕΥΑΓΓΕΛΙΑ  |z 2012/08/10